Reverse Dictionary #14 - Statistics

General Stats
  • This quiz has been taken 76 times
  • The average score is 16 of 25
Answer Stats
Definition First Letter Word % Correct
To clean with water. W Wash
97%
A person who has reached the legal age of majority. A Adult
95%
A large group of musicians who play together on various instruments, usually including some from strings, woodwind, brass and/or percussion. O Orchestra
95%
A device used to ignite things, especially a reusable handheld device for creating fire to ignite cigarettes. L Lighter
92%
A knitted or woven covering for the foot. S Sock
92%
Fluid that exits the body through pores in the skin usually due to physical stress and/or high temperature for the purpose of regulating body temperature and removing certain compounds from the circulation. S Sweat
92%
A series of interconnected rings or links usually made of metal. C Chain
83%
A gathering of persons for a purpose; an assembly. M Meeting
83%
(criminal law) An attempt to commit battery: a violent attempt, or willful effort with force or violence, to do hurt to another, but without necessarily touching the person, such as by raising a fist in a threatening manner, or by striking at the person and missing. A Assault
82%
(Christianity) An overseer of congregations: either any such overseer, generally speaking, or (in Eastern Orthodoxy, Catholicism, Anglicanism, etc.) an official in the church hierarchy (actively or nominally) governing a diocese, supervising the church's priests, deacons, and property in its territory. B Bishop
79%
The center of an organization's operations or administration. H Headquarters
79%
(law) A judicial writ authorizing an officer to make a search, seizure, or arrest, or to execute a judgment. W Warrant
77%
A statement attributed to a person. Q Quote
76%
A discolored spot or area caused by spillage or other contact with certain fluids or substances. S Stain
76%
A document or documents serving as evidence of who one is. I Identification
71%
A set of intended actions, usually mutually related, through which one expects to achieve a goal. P Plan
50%
A conventional, formulaic, and often oversimplified or exaggerated conception, opinion, or image of (a person or a group of people). S Stereotype
44%
The process of inquiring into or following up; research, especially patient or thorough inquiry or examination. I Investigation
42%
Acceptable, proper or correct; in accordance with the rules. V Valid
41%
To seize and take legal custody of (something, especially a vehicle, goods, or documents) because of an infringement of a law or regulation. I Impound
38%
Causing discomfort, unhappiness, or revulsion; disagreeable. U Unpleasant
29%
A collection of events and/or activities from which an individual or group may gather knowledge, opinions, and skills. E Experience
26%
To regard with contempt or scorn. D Despise
24%
Noise or other artifacts caused in the electronic reproduction of sound or music. D Distortion
18%
Steadfast adherence to a strict moral or ethical code. I Integrity
17%
No matching quizzes found
Score Distribution
Percent of People with Each Score
Percentile by Number Answered
Your Score History
You have not taken this quiz